000 00320nam a2200109Ia 4500
008 230907s9999||||xx |||||||||||||| ||und||
082 _a621.3
_bIEC
100 _aIEC Standards
_9117978
245 0 _aIEC 60282-2 ED. 2.1 B:1997, HIGH-VOLTAGE FUSES - PART 2: EXPULSION FUSES
260 _bIEC
_c2019-09-13
942 _2ddc
_cEB
999 _c599834
_d599834